000 00712nam a2200205Ia 4500
005 20241216011216.0
008 190429s9999||||xx |||||||||||||| ||und||
082 _a631.86
_bS21
100 _aSANCHO PADILLA ELMER ORLANDO
245 0 _aPRODUCCION BIOGAS Y BIOABONO MEDIANTE LA BIOMETANIZACION DEL ESTIERCOL DE OVINO EN LA COMUNIDAD CAMPESINA DE QUIULACOCHA.
250 _a0
260 _aCERRO DE PASCO-PERU
_bUNDAC
_c2012
300 _a116 pag.
_c30 cm.
341 _h0
490 _v0
_a0
505 _aPROBLEMA DE INVESTIGACION, MARCO TEORICO, METODOLOGIA Y TECNICAS DE INVESTIGACION, RESULTADOS Y DISCUSION
541 _aD
_bSANCHO PADILLA ELMER O.
_d22-Aug-16
_oSoles
650 _a6DR
942 _cTESIS
999 _c35582
_d35582